000 00678nam a2200217 i 4500
001 69302
003 ES-MaACL
005 20230906170505.0
007 t|
008 040702s1984 sp ||||1| spa d
020 _a84-85887-31-X
100 1 _aGarcía Bacca, Juan David.
_954205
245 1 0 _aTres ejercicios literario-filosóficos de antropología /
_cJuan David García Bacca.
250 _a[1ª ed.].
260 _aBarcelona :
_bAnthropos,
_c1984.
300 _a278 p. ;
_c20 cm.
490 1 _aPensamiento crítico/pensamiento utópico
830 0 _aPensamiento crítico/pensamiento utópico
_9177290
852 _aES-MaACL
_jL-10419
_bR.111088
999 _c69302
_d69302